| 000 | 00681pam a2200229 a 4500 | ||
|---|---|---|---|
| 001 | 3298354 | ||
| 005 | 20250209122753.0 | ||
| 008 | 830729s1984 maua b 001 0 eng | ||
| 020 | _a0669073946 | ||
| 050 | 0 | 0 |
_aRC935.T4 _bC87 1984 |
| 082 | 0 | 0 |
_a616.7/5 _219 |
| 100 | 1 | _aCurwin, Sandra. | |
| 245 | 1 | 0 |
_aTendinitis : _bits etiology and treatment / _cSandra Curwin and William D. Stanish. |
| 260 |
_aLexington, Mass. : _bCollamore Press, _cc1984. |
||
| 300 |
_aviii, 189 p. : _bill. ; _c25 cm. |
||
| 500 | _aIncludes index. | ||
| 650 | 0 | _aTendinitis. | |
| 650 | 2 |
_aTendinitis _xEtiology. |
|
| 650 | 2 |
_aTendinitis _xTherapy. |
|
| 700 | 1 | _aStanish, William D. | |
| 942 |
_2lcc _cBK _n0 |
||
| 999 |
_c3737 _d3737 |
||